Một số sự kiện hàng ngày ở bệnh viện (Văn hóa giao tiếp ứng xử ở bệnh viện)

שמור ב:
מידע ביבליוגרפי
מחבר ראשי: Nguyễn văn Lê
פורמט: ספר
שפה:Undetermined
יצא לאור: Tp. HCM Nxb. Tp. HCM 2000
נושאים:
תגים: הוספת תג
אין תגיות, היה/י הראשונ/ה לתייג את הרשומה!
Thư viện lưu trữ: Trung tâm Học liệu Trường Đại học Cần Thơ
LEADER 00655nam a2200193Ia 4500
001 CTU_37195
008 210402s9999 xx 000 0 und d
020 |b 18.000đ 
082 |a 158.2 
082 |b L250 
100 |a Nguyễn văn Lê 
245 0 |a Một số sự kiện hàng ngày ở bệnh viện (Văn hóa giao tiếp ứng xử ở bệnh viện) 
245 0 |c Nguyễn văn Lê 
260 |a Tp. HCM 
260 |b Nxb. Tp. HCM 
260 |c 2000 
650 |a psycology, applied,social interaction,social psychology 
904 |i Minh, 000628 
980 |a Trung tâm Học liệu Trường Đại học Cần Thơ